Maat, joille Suomi on hävinnyt jääkiekon MM-kisoissa - Statistics

Yleistilastot
  • Tätä visaa on pelattu 35 kertaa
  • Keskiarvotulos 19 / 22
Vastaustilastot
Edellinen tappio Maa % Oikein
2024 Kanada
100%
2025 Ruotsi
100%
2019 Saksa
100%
2025 Yhdysvallat
100%
1959 Italia
97%
1991 Neuvostoliitto
97%
2017 Ranska
97%
2018 Tanska
97%
2004 Slovakia
94%
2024 Tsekki
94%
2017 Venäjä
94%
2014 Latvia
91%
1951 Yhdistynyt kuningaskunta
88%
2024 Itävalta
84%
1955 Puola
84%
2024 Sveitsi
84%
2009 Valko-Venäjä
84%
1983 Itä-Saksa
72%
1987 Länsi-Saksa
72%
1990 Tsekkoslovakia
72%
2021 Kazakstan
66%
1939 Alankomaat
63%
Ehtoja vastaavia visoja ei löytynyt
Tulosjakauma
Jokaisen tuloksen saaneiden osuus
Persentiili vastausten määrän mukaan
Tuloshistoriasi
Et ole pelannut tätä visaa